Statistics for Countries closest to russia a-z

Click here to take the quiz!

General Stats

  • This quiz has been taken 59 times
    (36 since last reset)
  • The average score is 22 of 24

Answer Stats

HintAnswer% Correct
jjapan
100%
bbelarus
97%
cchina
97%
ffinland
97%
kkazakhstan
97%
llatvia/lithuania
97%
ooman
97%
qqatar
97%
uukraine/united states of america
97%
ddenmark
94%
eestonia
94%
ggeorgia
94%
mmongolia
94%
nnorth korea
94%
ppoland
94%
vvatican/vietnam
94%
yyemen
94%
zzambia
94%
sslovakia/south korea
91%
tturkey
91%
hhungary
88%
rromania
88%
aazerbaijan
84%
iiran
78%

Score Distribution

Percentile by Number Answered

Percent of People with Each Score

Your Score History

You have not taken this quiz since the last reset